000
00263nam a2200109Ia 4500
001
1261065
005
20260417140344.0
008
260417s9999 xx 000 0 und d
020
_a
9786051858487
245
0
_a
Dik Ala
_c
Elif Sofya
260
_b
Everest Yayınları
999
_c
1261065
_d
1261065